Wordt geladen...
Food fishes: Their intrinsic variation and practical implications
| Hoofdauteur: | |
|---|---|
| Formaat: | Printed Book |
| Gepubliceerd in: |
Farrand Press, London
1988
|
| Onderwerpen: |
| LEADER | 00542nam a2200193 4500 | ||
|---|---|---|---|
| 020 | |||
| 082 | |a 597.177 LOV-F | ||
| 100 | |a Love, R Malcolm | ||
| 245 | |a Food fishes: Their intrinsic variation and practical implications | ||
| 250 | |||
| 260 | |a Farrand Press, London |c 1988 | ||
| 300 | |a 276 | ||
| 490 | |||
| 500 | |||
| 590 | |a PRP |b 2011-03-28 14:11:30 | ||
| 650 | |a Marine fishes | ||
| 942 | |c BK | ||
| 999 | |c 97209 |d 97209 | ||
| 952 | |0 0 |1 0 |4 0 |6 597_177000000000000_LOVF |7 0 |9 110677 |a AQU |b AQU |l 0 |o 597.177 LOV-F |p AQU03681 |r 2019-09-25 |w 2019-09-25 |y BK | ||